00774nam a22001937a 4500003000900000008004100009040007100050082001600121100002300137245006900160260005100229300002800280440004700308505014400355650002600499650001600525650001300541700002600554AR-CdUCM190315b ||||| |||| 00| 0 spa d aMUNICIPALIDAD PROVINCIAL DEL CUSCOcBIBLIOTECA MUNICIPAL DEL CUSCO a030 /bR741 aRojas, Fernando de aLa Celestina :bLos mejores libros de la literatura española / aLima :bEditora de Publicaciones Gente,c1987. a127 páginas :c17 cm. aMejores libros de la literatura española aContenido: t.2 Octavo auto, noveno auto, décimo auto -- t.1 La celestina, EL autor a un su amigo, Siguese la tragicomedia, Primer auto... aLiteratura española aColección aSiglo XX aBanco de la Nación.